000 00418 a2200157 4500
003 Nust
005 20170207154603.0
040 _cNust
082 _a005.1
100 _aJavaid, Sabeen MSCS -17
245 _aA Reputation Based trust Management System For Collaborative Disaster Management
_cNC Sabeen Javaid
260 _aMCS
_cJuly 2013
300 _axiii, 93 p
538 _aAlmirah No 72 Shelf No 5
650 _aMSCS Thesis
942 _cTHS
999 _c198683
_d198683